| 000 | 00589nac a22001571u 4500 | ||
|---|---|---|---|
| 008 | 081008t19؟؟ ua|||||r||| 001 0dra d | ||
| 082 |
_a269.929581 _bش ر ب |
||
| 245 |
_aالغزالى والتصوف الاسلامى/ _cتأليف احمد الشرباصى |
||
| 260 |
_b[القاهرة]: _aدار الهلال ، _c[19??] |
||
| 300 |
_a214 ص؛ _c24 سم. |
||
| 504 | _aيحتوي علي ببليوجرافية ص 214 | ||
| 511 | _aCatalogued by: Sara | ||
| 541 | _aألف باء ؛ | ||
| 650 |
_aالمتصوفون _916077 |
||
| 942 |
_cBB _k269.929581 ش ر ب _2ddc |
||
| 999 |
_c5805 _d5805 |
||